000 00670nam a2200181Ia 4500
008 151018s9999 xx 000 0 und d
082 _bRBASDV42438
_a920
100 _aअंजली कीर्तने
245 _aपाउलखुणा लघुपटाच्या
250 _b1
260 _bनवचेतन्य प्रकाशन मुंबई
_c2003
300 _a160
600 _aअंजली कीर्तने
630 _aपाउलखुणा लघुपटाच्या
700 _aअंजली कीर्तने
730 _aपाउलखुणा लघुपटाच्या
942 _cBOOK
999 _c1041665
_d1041662